01669nam a2200301 a 450000100100000000500170001000800410002704000250006808200210009310000550011424500700016925000110023926000340025030000210028450000320030550503620033759000260069965000230072565000280074865000330077665000390080971000860084891000380093495201340097295201190110695201250122599900170135000003906720260420170825.0130520s1996 dr r 000 0 spa d aDO-SdBNPbspacBNPHU a301bM385n, 19961 aMartínez Almanzar, Juan Franciscod1950 -91045910aNociones de sociología /cJuan Francisco Martínez Almánzar. a3a ed. aSanto Domingo :bCAIS,c1996. a244 p. ;c22 cm. aBibliografía : p. 241-2440 aCiencia y conocimiento - La sociedad - La sociología - La cultura y las pautas culturales - Los grupos sociales - La religión - El comportamiento colectivo - La familia, el matrimonio y el divorcio - Sociología jurídica - Los procesos electorales y las farsas - La constitución y las reformas - Métodos, teoría y técnica de investigación - aInventariado, 2018/VM 0aSociología91061 0aCiencias sociales91065 0a Ciencia -xMetodología93 0aJurisprudencia sociológica9407122aCentro de Adiestramiento e Investigación Social (República Dominicana)946052 aValidado. Control de calidad. MFF 001054708DSaGRbGRcHDd2018-06-08iLF1l0o301 M385n, 1996p39067-30r2020-06-25te. 3w2020-06-25yLFDSZPréstamo en sala 0010718PDaPDbPDcHDd2013-05-20iLF1l0o301 M385n, 1996p39067-10r2020-06-25w2020-06-25yLFPDZNo se presta 0010718PDaPDbPDcHDd2014-04-03iLF1l0o301 M385n, 1996p39067-20r2020-06-25te. 2w2020-06-25yLFPDZNo se presta c38557d38557